Algebra: an elementary text-book for the higher classes of secondary schools and for colleges

Saved in:
Bibliografiske detaljer
Hovedforfatter: Chrystal, G (Author)
Format: Bog
Sprog:engelsk
Udgivet: Nueva York Chelsea Publishing Company 1952
Udgivelse:6a. ed
Fag:
Tags: Tilføj Tag
Ingen Tags, Vær først til at tagge denne postø!

MARC

LEADER 00000cam a2200000 a 4500
001 UCF2303
003 CL-VaPUC
008 120817e19520000US |||||||||||||||||eng|d
082 0 4 |a 512  |b CHR  |2 21 
100 0 |a Chrystal, G  |e author  |9 563893 
245 1 0 |a Algebra: an elementary text-book for the higher classes of secondary schools and for colleges 
250 |a 6a. ed 
300 |a v 
942 |c BK 
945 |d 20120817 00:00:00  |a cmena 
260 |a Nueva York  |b Chelsea Publishing Company  |c 1952 
650 0 |a Álgebra  |9 259567 
650 0 |a Teoría de números  |9 265327 
650 7 |a FUNCIONES INTEGRALES  |2 CL-VaPUC  |9 425293 
650 0 |a Ecuaciones  |9 260137 
583 |a last modification  |c 20120817 11:35:00  |k Rodrigo Vera 
999 |c 348876  |d 348874 
952 |0 0  |1 0  |4 0  |6 512_000000000000000_CHR_1952  |7 0  |8 A  |9 451134  |a BIBMAT  |b BIBMAT  |d 2019-11-22  |h v.1  |i 4889681  |o 512 CHR 1952  |p 4889681  |r 2025-01-07  |w 2019-11-22  |y BK  |k MAT 
952 |0 0  |1 0  |4 0  |6 512_000000000000000_CHR_1952  |7 0  |8 A  |9 451135  |a BIBMAT  |b BIBMAT  |d 2019-11-22  |h v.2  |i 4888235  |o 512 CHR 1952  |p 4888235  |r 2025-01-07  |w 2019-11-22  |y BK  |k MAT